| 000 | 00581nam a2200145 i 4500 | ||
|---|---|---|---|
| 001 | 102920 | ||
| 003 | ES-MaACL | ||
| 005 | 20230906183221.0 | ||
| 007 | t| | ||
| 008 | 190422s1870 xxk ||||1| eng d | ||
| 245 | 0 | 0 |
_aBritish customs tariff, 1870, and statistics of the customs revenue and foreign commerce of The United Kingdom, from 1840 to 1869 _b: presented to both houses of Parliament bu Command of her majesty. |
| 260 |
_aLondon : _b[s.n.], _c1870 ( _fGeorge E. Eyre and Willaim Spottiswoode) |
||
| 300 |
_a7 p. ; _c24 cm. |
||
| 852 |
_aES-MaACL _jT-1285-F-12 _zDonat. Bosch |
||
| 999 |
_c102920 _d102920 |
||